000 00420nam a2200145Ia 4500
008 221007s9999 xx 000 0 und d
041 _aeng
082 _bGAN
100 _aGangawane Aditi (2k81040)
_9101966
245 _aBusiness Development with Reference to Organic Farming Products Using Nano Technology
260 _c2010
_bPune University
_aPune
300 _a84p
520 _aKasande Pallavi
906 _bGeneral
999 _c69121
_d69121